000 00335nam a22001217a 4500
999 _c602
_d602
005 20200817092310.0
008 200817b ||||| |||| 00| 0 eng d
020 _a0713418788
040 _cCML
245 _aThe Third World.
_cBarlow, C.
260 _aLondon
_bBT Batsford
_c1979
942 _2ddc
_cBK
_e1st Edition
_h330
_mCHR